| 000 | 00364 a2200157 4500 | ||
|---|---|---|---|
| 001 | 148992 | ||
| 040 | _cEscola São Tomás de Aquino | ||
| 100 | _aROCHA, Ruth | ||
| 240 | 1 | 0 |
_aUma história com mil macacos _lpor |
| 245 | 1 | 0 | _aUma história com mil macacos |
| 300 | _a31 | ||
| 362 | 0 | _a1999 | |
| 440 | 1 | _aÁtica | |
| 697 | _a*LITERATURA INFANTO | ||
| 942 | _cBK | ||
| 999 |
_c148992 _d148992 |
||